000 00311nam a22001217a 4500
008 180423b xxu||||| |||| 00| 0 eng d
041 _aeng
080 _a043.3
100 _a0
101 _aSHJ-BTH
245 _aVeprat penale kundër krimit të organizuar dhe rendit kushtetues
_cKrasniqi, L
942 _2udc
_cBK
999 _c45416
_d45416